| 000 | 01395namaa2200325 i 4500 | ||
|---|---|---|---|
| 003 | EG-GICUC | ||
| 005 | 20260511135519.0 | ||
| 008 | 260511m1990199ule ||||jr|||| 001 p ara d | ||
| 040 |
_aEG-GiCUC _bara _cEG-GiCUC _dEG-GiCUC _erda |
||
| 082 | 0 | 4 |
_221 _a811.1 _bS1281 1990 |
| 092 | 0 | 4 |
_221 _a811.1 _bS1281 1990 |
| 099 | _a811.1 S1281 1990 | ||
| 100 | 1 |
_aالصفدى ،خليل بن ايبك، _d 1297-1363 _eمؤلف. |
|
| 245 | 1 | 2 |
_aالغيث المسجم فى شرح لامية العجم / _cتأليف الشيخ صلاح الدين خليل بن ايبك الصفدى |
| 250 | _aالطبعة الثانية . طبعة جديدة مصححة | ||
| 264 |
_aبيروت (لبنان) : _bدار الكتب العلمية، _c1990- |
||
| 300 |
_aمجلد ؛ _c24 سم |
||
| 336 |
_2rdacontent _atext |
||
| 337 |
_2rdamedia _aUnmediated |
||
| 338 |
_2rdacarrier _avolume |
||
| 490 | _3 | ||
| 504 | _aيشتمل على ارجاعات ببليوجرافية وفهارس. | ||
| 541 |
_aد. / جابر عصفور ؛ _bالقاهرة ؛ _cإهداء ؛ _d2024. |
||
| 650 | 1 | 7 |
_aالشعر العربى _xتاريخ _yالعصر الجاهلى _2qrmak |
| 650 | 1 | 7 |
_aالشعر العربى _xتاريخ ونقد _yالاعمال المبكرة حتى عام 1800 _2qrmak |
| 650 | 1 | 7 |
_aاللغة العربية _xالنحو _2qrmak |
| 651 | 1 | _2qrmak | |
| 905 | _aAmira | ||
| 942 |
_2ddc _cBK _e21 _n0 |
||
| 999 |
_c180106 _d180106 |
||